000 00285nam a2200121Ia 4500
005 20251222141818.0
008 251222s9999||||xx |||||||||||||| ||spa||
020 _a84/7520-071-0
082 _a869.953.3/D25P
100 _a"Darío, Rubén"
245 0 _aAntología Poética
942 _cLIB
999 _c6696
_d6696